Footballeurs en Z - Statistiques

Statistiques générales
  • Ce quiz a été pris 105 fois
  • Le résultat moyen est 9 sur 20
Statistiques - réponses
Par images Réponse % Correct
Zidane
99%
Zaire-Emery
97%
Zouma
87%
Zaha
75%
Zanetti
73%
Zinchenko
70%
Zhegrova
69%
Zico
69%
Zabarnyi
43%
Zakaria
41%
Zabaleta
40%
Zé Roberto
38%
Zoff
31%
Zébina
27%
Zézé
26%
Zenden
19%
Ziani
12%
Zubar
4%
Zerka
3%
Zikos
3%
Aucun quiz correspondant
Distribution des résultats
% des personnes avec chaque résultat
Percentile par nombre de réponses
Votre historique - résultats
Vous n’avez pas pris ce quiz